000
00330nam a2200133Ia 4500
008
240624s9999 xx 000 0 und d
041
_a
eng
082
_a
823 ROY
100
_a
ROY ARUNDHATI
245
_a
SHAPE OF THE BEAST
260
_c
2008
_a
New Delhi
_b
Penguin/Viking
300
_a
ix, : 271 : p. : cm. ; 22
365
_c
RS
_b
30
999
_c
12559
_d
12559